000 00890nam a2200277 i 4500
001 C2-0332556
003 PPAK
005 20180728132734.0
008 150805s2015 my a|||| ||||| | may d
020 _a9789671282090
040 _aPPAK
_beng
_cPPAK
_erda
082 0 4 _a333.31595
_223
090 0 0 _a333.31595
_bRIZ
_dK
100 0 _aRizalman Kusnan,
_d1972-
_eauthor
245 1 0 _aLembah bilut
264 1 _aKapar, Selangor :
_bAidy Jaya Enterprise ,
_c2015
300 _a28 pages :
_bcolour photographs ;
_c22 cm
336 _2rdacontent
_atext
337 _2rdamedia
_aunmediated
338 _2rdacarrier
_avolume
490 1 _aMencorakkan pembangunan Felda
500 _aIncludes questions and exercises.
650 1 0 _aLand reform - Malaysia. ; Land settlement - Malaysia. ; Lembaga Kemajuan Tanah Persekutuan.
830 0 _aMencorakkan pembangunan Felda
942 _ddc
_cB
999 _c131195
_d131195